| 000 | 00423nam a2200169Ia 4500 | ||
|---|---|---|---|
| 008 | 140316s9999 xx 000 0 und d | ||
| 020 | _a9788131503041 | ||
| 082 |
_a658.15 _bFRO/MA |
||
| 100 | _aLuke ,M.Froeb | ||
| 245 | _aManagerial Economics : A problem solving Approach | ||
| 250 | _a6 | ||
| 260 |
_aCanada _bCengage Learning _c2010 |
||
| 300 | _a320 | ||
| 650 | _a | ||
| 700 | _aBrian ,T.McCann | ||
| 942 |
_2ddc _cBK |
||
| 999 |
_c11013 _d11013 |
||